Sports Quiz

Random Sports Quiz

Houston Texans Yearly Rushing Leaders Quiz Stats

Quiz not verified by Sporcle

Challenge
Share
Tweet
Embed
Score 0/13 Timer 01:30
0 Plays Today
Year Player % Correct
2010Arian Foster
97.8%
2011Arian Foster
97.8%
2012Arian Foster
97.8%
2014Arian Foster
97.8%
2013Ben Tate
81.1%
2008Steve Slaton
77.8%
2009Steve Slaton
77.8%
2003Domanick Williams
72.2%
2004Domanick Williams
72.2%
2005Domanick Williams
72.2%
2006Ron Dayne
47.8%
2007Ron Dayne
47.8%
2002Jonathan Wells
22.2%

You're not logged in!

Compare scores with friends on all Sporcle quizzes.
Join for Free
OR
Log In

You Might Also Like...

Show Comments

Extras

Top Quizzes Today


Score Distribution

Your Account Isn't Verified!

In order to create a playlist on Sporcle, you need to verify the email address you used during registration. Go to your Sporcle Settings to finish the process.

Report this User

Report this user for behavior that violates our Community Guidelines.

Details: